UITU Library & LRC     

Pakistan beauty and splendour (Record no. 17457)

MARC details
000 -LEADER
fixed length control field 00486nam a2200181Ia 4500
008 - FIXED-LENGTH DATA ELEMENTS--GENERAL INFORMATION
fixed length control field 240925s9999 xx 000 0 und d
020 ## - INTERNATIONAL STANDARD BOOK NUMBER
International Standard Book Number 9789696375678
082 ## - DEWEY DECIMAL CLASSIFICATION NUMBER
Classification number 770.5491 MIR
100 ## - MAIN ENTRY--PERSONAL NAME
Personal name Mirza, Irfan
245 #0 - TITLE STATEMENT
Title Pakistan beauty and splendour
250 ## - EDITION STATEMENT
Edition statement 1st
260 ## - PUBLICATION, DISTRIBUTION, ETC.
Place of publication, distribution, etc. Karachi:
Name of publisher, distributor, etc. Paramount Publishing Enterprise
Date of publication, distribution, etc. ,2019.
300 ## - PHYSICAL DESCRIPTION
Extent 271p.
Other physical details 0
Type of unit Original
500 ## - GENERAL NOTE
General note Includes Index
600 ## - SUBJECT ADDED ENTRY--PERSONAL NAME
Personal name Humanities & Natural Science
650 ## - SUBJECT ADDED ENTRY--TOPICAL TERM
Topical term or geographic name entry element Photography
942 ## - ADDED ENTRY ELEMENTS (KOHA)
Koha item type Books
Holdings
Withdrawn status Lost status Damaged status Not for loan Collection Home library Current library Date acquired Source of acquisition Cost, normal purchase price Total checkouts Full call number Barcode Date last seen Price effective from Koha item type
        Humanities & Basic Sciences UITU Library UITU Library 09/12/2019 Paramount Book Pvt Ltd 3635.03   770.5491 MIR Q14958 09/25/2024   Books

Powered by Koha